Leonardo DiCaprio Movies by Picture - Statistics

General Stats
  • This quiz has been taken 47 times
  • The average score is 13 of 20
Answer Stats
Picture Answer % Correct
Titanic
93%
Great Gatsby
90%
The Wolf of wall Street
88%
Django Unchained
83%
Catch Me If You Can
76%
Shutter Island
76%
The Revenant
76%
Gangs of New York
69%
The Aviator
69%
Inception
67%
Once Upon A Time In Hollywood
64%
Blood Diamond
62%
Don't Look Up
57%
Romeo and Juliet
57%
The Beach
55%
What's Eating Gilbert Grape
52%
The Basketball Diaries
50%
Revolutionary Road
31%
Killers of the Flower Moon
29%
J Edgar
21%
No matching quizzes found
Score Distribution
Percent of People with Each Score
Percentile by Number Answered
Your Score History
You have not taken this quiz